UBT Library

Classroom manual for automotive brake systems / (Record no. 44143)

000 -LEADER
fixed length control field 00678cam a2200253 a 4500
001 - CONTROL NUMBER
control field 17045377
005 - DATE AND TIME OF LATEST TRANSACTION
control field 20180306042955.0
008 - FIXED-LENGTH DATA ELEMENTS--GENERAL INFORMATION
fixed length control field 111115s2011 nyua 001 0 eng
010 ## - LIBRARY OF CONGRESS CONTROL NUMBER
LC control number 2011293265
020 ## - INTERNATIONAL STANDARD BOOK NUMBER
International Standard Book Number 9781435486577
020 ## - INTERNATIONAL STANDARD BOOK NUMBER
International Standard Book Number 1435486579
040 ## - CATALOGING SOURCE
Original cataloging agency DLC
Transcribing agency DLC
Modifying agency DLC
041 ## - LANGUAGE CODE
Language code of text/sound track or separate title eng
042 ## - AUTHENTICATION CODE
Authentication code pcc
080 ## - UNIVERSAL DECIMAL CLASSIFICATION NUMBER
Universal Decimal Classification number 621
082 ## - DEWEY DECIMAL CLASSIFICATION NUMBER
Edition number 621 OWE
100 1# - Rafti
Rafti 27
101 ## - Shkurtesa
Shkurtesa MEK
245 10 - TITLE STATEMENT
Title Classroom manual for automotive brake systems /
Statement of responsibility, etc Clifton E. Owen.
246 14 - VARYING FORM OF TITLE
Title proper/short title Automotive brake systems :
Remainder of title classroom manual
906 ## - LOCAL DATA ELEMENT F, LDF (RLIN)
a 7
b cbc
c orignew
d 3
e ncip
f 20
g y-gencatlg
942 ## - ADDED ENTRY ELEMENTS (KOHA)
Source of classification or shelving scheme
Item type Books
Holdings
Withdrawn status Lost status Source of classification or shelving scheme Damaged status Not for loan Collection code Permanent location Current location Shelving location Date acquired Total Checkouts Full call number Barcode Date last seen Price effective from Koha item type
          Koleksioni i përgjithshem UBT - Lipjan UBT - Lipjan Koleksioni i përgjithshem 03/06/2018   621 OWE 002-3001292 03/06/2018 03/06/2018 Books
UBT Library © 2015-2024. All rights reserved University Education for Business and Technology